书目信息 |
| 题名: |
大学物理实用教程
|
|
| 作者: | 史斌星 编著 | |
| 分册: | ||
| 出版信息: | 北京 清华大学出版社 2005.4 |
|
| 页数: | XI,294页 | |
| 开本: | 21cm | |
| 丛书名: | ||
| 单 册: | ||
| 中图分类: | O4-43 | |
| 科图分类: | ||
| 主题词: | 物理学--wu li xue--高等学校--教材 , 物理学--wu li xue | |
| 电子资源: | ||
| ISBN: | 7-302-10300-3 | |
| 000 | 00772nam0 2200241 45 | |
| 001 | 012005000794 | |
| 005 | 20061012154248.32 | |
| 010 | @a7-302-10300-3@dCNY13.00 | |
| 100 | @a20050702d2005 em y0chiy0121 ea | |
| 101 | 0 | @achi |
| 102 | @aCN@b110000 | |
| 105 | @ay z 000yy | |
| 200 | 1 | @a大学物理实用教程@Ada xue wu li shi yong jiao cheng@f史斌星编著 |
| 210 | @a北京@c清华大学出版社@d2005.4 | |
| 215 | @aXI,294页@d21cm | |
| 330 | @a本书涉及力学和电磁学两部分,主要包括:力学;静电场;直流电路;磁场;交流电路等内容。 | |
| 333 | @a阅读对象:高等院校相关专业师生等 | |
| 606 | 0 | @a物理学@Awu li xue@x高等学校@j教材 |
| 606 | 0 | @a物理学@Awu li xue |
| 690 | @aO4-43@v4 | |
| 701 | 0 | @a史斌星@Ashi bin xing@4编著 |
| 801 | 0 | @aCN@c20061012 |
| 905 | @a10447@dO4-43@eS570 | |
| 大学物理实用教程/史斌星编著.-北京:清华大学出版社,2005.4 |
| XI,294页;21cm |
| 使用对象:阅读对象:高等院校相关专业师生等 |
| ISBN 7-302-10300-3:CNY13.00 |
| 本书涉及力学和电磁学两部分,主要包括:力学;静电场;直流电路;磁场;交流电路等内容。 |
| ● |
| 相关链接 |
|
|
|
正题名:大学物理实用教程
索取号:O4-43/S570
 
预约/预借
| 序号 | 登录号 | 条形码 | 馆藏地/架位号 | 状态 | 备注 |
| 1 | 549806 | 205498068 | 自科库401/401自科库 56排3列1层/ [索取号:O4-43/S570] | 在馆 | |
| 2 | 549807 | 205498077 | 自科库401/401自科库 56排3列1层/ [索取号:O4-43/S570] | 在馆 | |
| 3 | 549808 | 205498086 | 自科库401/401自科库 56排3列1层/ [索取号:O4-43/S570] | 在馆 |